000 01535nam a22002537a 4500
005 20240305165620.0
007 cr|||| |||
008 211012s2021 mx |||||s|||| 00||0 spa d
020 _a978-368-726-423-1
035 _a35245
040 _avLex
090 _c12522
_d12522
100 1 _aLuna Guerra, Antonio
245 1 0 _aRégimen Fiscal de la Enajenación de Acciones 2021
_h[Recurso electrónico] /
_cAntonio Luna Guerra
256 _aServicio en línea
260 _aCiudad de México:
_bEdiciones Fiscales ISEF,
_c2021
300 _a1 recurso electrónico
500 _aLa ENAJENACIÓN DE es un tema que tuvo modificaciones fiscales a partir del ejercicio 2002 debido a la reforma a la Ley del Impuesto Sobre la Renta, lo cual se ha venido ajustando mediante Resolución Miscelánea. Este libro nos muestra algunos casos prácticos de la manera en que se determina la ganancia en la enajenación de acciones para efectos de determinar el Impuesto Sobre la Renta. Su aplicación en la Ley del Impuesto al Valor Agregado, Código Fiscal de la Federación y Resolución Miscelánea.
506 1 _aDisponible solo en los productos indicados
_dvLex Global
_dvLex Global (Academic Edition, excluding Law Schools)
_dvLex Global (U.S. Academic Edition, Law Schools)
_dvLex Global (U.S. Academic Edition, excluding Law Schools)
_dvLex Global (Academic Edition, Law Schools)
650 0 4 _aDerecho Fiscal
_zMéxico
740 0 _avLex Libros (Servicio en línea)
856 4 0 _uhttps://app.vlex.com/#/sources/35245
942 _cRAA
999 _c170758
_d170758